000 00999nam a2200229Ia 4500
999 _c39407
_d39407
001 5997
003 GE_BSU
005 20190619145226.0
008 181216s1986||||ge |||||||||||||| ||geo||
040 _cGE_BSU
041 _ageo
080 _a711 ბ-86
100 _aბორევი, ი.
_92603
245 _aესთეტიკა = эстетика /
_cი. ბორევი ; რუს-დან თარგმნ. : რ. შენგელიამ და თ. ბუაჩიძემ ; რედ. გ. პეტრიაშვილი
264 _aთბილისი :
_bხელოვნება,
_c1986.
300 _a512 გვ. :
_bილ. ;
_c22 სმ.
653 _aესთეტიკა
700 _aშენგელია, რ.
_eმთარგმნელი
_92604
700 _aბუაჩიძე, თ.
_eმთარგმნელი
_91329
700 _aპეტრიაშვილი, გ.
_eრედაქტორი
_92605
942 _cBK
_2udc